Concern for Europe's Tomorrow - Health and the Environment in the WHO European Region

Bibliographic Details
Main Author: Borovanský, Alois, 1922-2019 (Author)
Format: Article
Language:Slovak
ISSN:0014-8172
Subjects:

MARC

LEADER 00000nab a2200000 a 4500
001 vtls000582209
003 SK-MaSNL
005 20260304225456.0
008 250425c1996 xo 0 slo
015 |a SNBRB19rr/mm-uuuuu 
035 |a CL0582348 
035 |a urn:nbn:sk:snk-ab1pq3 
035 |a (urnnbn)urn:nbn:sk:snk:ar-004wd9 
035 |a (uuid)6d57b030-8e80-4e3e-bcdd-8110a441f6a9 
040 |a SNKBUCL  |b slo  |c SNKBUCL  |e AACR2 
041 0 |a slo 
044 |a xo  |c SK 
080 |a 613:504.06:061.1(100):614  |2 1981 
080 |a 504.06  |2 1981 
080 |a 061.1(100):614  |2 1981 
100 1 |a Borovanský, Alois,  |d 1922-2019  |4 aut  |9 224490 
245 1 0 |a Concern for Europe's Tomorrow - Health and the Environment in the WHO European Region  |c A. Borovanský 
650 0 7 |a zdravie  |2 snkbucl  |9 16322 
650 0 7 |a životné prostredie  |2 snkbucl  |9 786 
650 0 7 |a Svetová zdravotnícka organizácia  |2 snkbucl  |9 15128 
655 7 |a články z novín a časopisov  |2 snkbucl  |9 267496 
773 0 |t Farmaceutický obzor  |g Roč. 65, č. 4 (1996), s. 105-106  |x 0014-8172 
787 0 8 |i Rec.:  |t Concern for Europe's Tomorrow - Health and the Environment in the WHO European Region  |d Stuttgart : Wissenschaftliche Verlagsgesellschaft, 1995 
850 |a Slovenská národná knižnica 
852 |a Slovenská národná knižnica 
954 |a odborná, vedecká literatúra pôvodná (slovenská)  |2 lita 
958 |a article27 
958 |a OND 
958 |a RK 
958 |a MI 
958 |a EUIPO 
992 |a RBX 
999 |c 3177821  |d 3179751